Most Guessed European Football Teams on Jetpunk - Statistics

General Stats
  • This quiz has been taken 206 times
  • The average score is 16 of 20
Answer Stats
% team % Correct
100 Real Madrid
100%
99 Barcelona
99%
98 Manchester United
98%
91 Manchester City
96%
94 Arsenal
95%
98 Bayern Munich
95%
95 Liverpool
95%
95 Chelsea
93%
96 AC Milan
92%
96 Juventus
90%
83 Paris Saint-Germain
90%
92 Internazionale Milan
86%
85 Borussia Dortmund
85%
91 Ajax Amsterdam
78%
78 AS Roma
71%
88 Porto
68%
84 Benfica
64%
88 Celtic
52%
77 PSV Eindhoven
49%
83 Rangers
49%
No matching quizzes found
Score Distribution
Percent of People with Each Score
Percentile by Number Answered
Your Score History
You have not taken this quiz